Who's That With Jon Stewart? Quiz Stats

 Plays Quiz Updated Aug 7, 2015

Challenge
Share
Tweet
Score 0/25 Timer 06:00
2 Plays Today
% Correct
Barack Obama
98.7%
Will Ferrell
93.3%
Hillary Clinton
93.2%
Jennifer Lopez
92.4%
Steve Carell
84.7%
Angelina Jolie
80.5%
Jerry Seinfeld
80%
Ben Affleck
79.8%
Willie Nelson
76.6%
Robert Pattinson
73%
Bill O'Reilly
67.2%
Kevin Hart
66.5%
George Takei
57.6%
% Correct
Neil deGrasse Tyson
56%
Denis Leary
54.4%
Seth MacFarlane
52.9%
Aziz Ansari
50.6%
Malala Yousafzai
42.3%
Tom Brokaw
39.9%
Mike Huckabee
36.5%
Elizabeth Warren
35.5%
Jim Cramer
29.3%
Nancy Pelosi
24.2%
Bill de Blasio
20%
King Abdullah II
3.5%

You're not logged in!

Compare scores with friends on all Sporcle quizzes.
Join for Free
OR
Log In

You Might Also Like...

Show Comments

Extras

Top Quizzes Today


Score Distribution

Your Account Isn't Verified!

In order to create a playlist on Sporcle, you need to verify the email address you used during registration. Go to your Sporcle Settings to finish the process.

Report this User

Report this user for behavior that violates our Community Guidelines.

Details: